<?xml version="1.0" encoding="UTF-8"?>
<record
    xmlns:xsi="http://www.w3.org/2001/XMLSchema-instance"
    xsi:schemaLocation="http://www.loc.gov/MARC21/slim http://www.loc.gov/standards/marcxml/schema/MARC21slim.xsd"
    xmlns="http://www.loc.gov/MARC21/slim">

  <leader>01529nam a22002777a 4500</leader>
  <datafield tag="952" ind1=" " ind2=" ">
    <subfield code="0">0</subfield>
    <subfield code="1">0</subfield>
    <subfield code="2">lcc</subfield>
    <subfield code="4">0</subfield>
    <subfield code="7">0</subfield>
    <subfield code="a">04</subfield>
    <subfield code="b">04</subfield>
    <subfield code="d">2014-12-10</subfield>
    <subfield code="l">1</subfield>
    <subfield code="o">QA76.9 S88 D45 2012</subfield>
    <subfield code="p">04 004709</subfield>
    <subfield code="r">2016-08-02</subfield>
    <subfield code="s">2016-07-30</subfield>
    <subfield code="t">1</subfield>
    <subfield code="w">2014-12-10</subfield>
    <subfield code="y">LB</subfield>
  </datafield>
  <datafield tag="952" ind1=" " ind2=" ">
    <subfield code="0">0</subfield>
    <subfield code="1">0</subfield>
    <subfield code="2">lcc</subfield>
    <subfield code="4">0</subfield>
    <subfield code="7">0</subfield>
    <subfield code="a">13</subfield>
    <subfield code="b">13</subfield>
    <subfield code="d">2017-03-23</subfield>
    <subfield code="l">0</subfield>
    <subfield code="o">QA76.9S88 D45 2012</subfield>
    <subfield code="p">13 000825</subfield>
    <subfield code="r">2017-03-23</subfield>
    <subfield code="t">1</subfield>
    <subfield code="w">2017-03-23</subfield>
    <subfield code="y">LB</subfield>
  </datafield>
  <datafield tag="999" ind1=" " ind2=" ">
    <subfield code="c">95367</subfield>
    <subfield code="d">95367</subfield>
  </datafield>
  <controlfield tag="008">141210s2012    njuae||| |||| 001 0 eng d</controlfield>
  <datafield tag="020" ind1=" " ind2=" ">
    <subfield code="a">9781118057629 (acid-free paper)</subfield>
  </datafield>
  <datafield tag="050" ind1=" " ind2="4">
    <subfield code="a">QA76.9 S88</subfield>
    <subfield code="b">D45 2012</subfield>
  </datafield>
  <datafield tag="100" ind1="1" ind2=" ">
    <subfield code="a">Dennis, Alan.</subfield>
    <subfield code="e">autor</subfield>
  </datafield>
  <datafield tag="245" ind1="1" ind2="0">
    <subfield code="a">Systems analysis and design</subfield>
    <subfield code="c">/ Alan Dennis, Barbara Haley Wixom, Roberta M. Roth.</subfield>
  </datafield>
  <datafield tag="250" ind1=" " ind2=" ">
    <subfield code="a">5a. edici&#xF3;n.</subfield>
  </datafield>
  <datafield tag="260" ind1="3" ind2=" ">
    <subfield code="a">Hoboken, New Jersey</subfield>
    <subfield code="b">: John Wiley &amp; sons, </subfield>
    <subfield code="c">,2012</subfield>
  </datafield>
  <datafield tag="300" ind1=" " ind2=" ">
    <subfield code="a">xxiv, 563 p&#xE1;ginas:</subfield>
    <subfield code="b">il.tablas; </subfield>
    <subfield code="c">26 cm.</subfield>
  </datafield>
  <datafield tag="336" ind1=" " ind2=" ">
    <subfield code="a">texto</subfield>
  </datafield>
  <datafield tag="337" ind1=" " ind2=" ">
    <subfield code="a">sin medio</subfield>
  </datafield>
  <datafield tag="338" ind1=" " ind2=" ">
    <subfield code="a">vol&#xFA;men</subfield>
  </datafield>
  <datafield tag="500" ind1=" " ind2=" ">
    <subfield code="a">PLAN FLEXIBLE
LIC. INFORM&#xC1;TICA / ANAL&#xCD;SIS Y DISE&#xD1;O Y DISE&#xD1;O DE SISTEMAS I P23 (L-2) / (04 004709)</subfield>
  </datafield>
  <datafield tag="500" ind1=" " ind2=" ">
    <subfield code="a">Incluye &#xED;ndice (p. 547-563)</subfield>
  </datafield>
  <datafield tag="505" ind1="2" ind2=" ">
    <subfield code="a">Parte 1: Planning Phase - the systems analyst and information systemas development - project selection and management; Parte 2: analysis phase - requeriments determination - use case analysis - process modeling - data modeling; Parte 3: design phase - moving into design - architecture design - user interface design - program design - data storage design; Parte 4: implementation phase - moving into implementation - transition to the new system - the movement to objects.</subfield>
  </datafield>
  <datafield tag="519" ind1=" " ind2=" ">
    <subfield code="a">Plan Flexible / </subfield>
    <subfield code="b">Inform&#xE1;tica / </subfield>
    <subfield code="c">An&#xE1;lisis y dise&#xF1;o de sistemas I (P23-2) / </subfield>
    <subfield code="d">(13 000825)</subfield>
  </datafield>
  <datafield tag="650" ind1="1" ind2=" ">
    <subfield code="a">DISE&#xD1;O DE SISTEMAS</subfield>
  </datafield>
  <datafield tag="650" ind1="2" ind2=" ">
    <subfield code="a">ANAL&#xCD;SIS DE SITEMAS</subfield>
    <subfield code="x">ARQUITECTURA DE COMPUTADORAS</subfield>
  </datafield>
  <datafield tag="700" ind1="1" ind2=" ">
    <subfield code="a">Haley Wixom, Barbara, </subfield>
    <subfield code="e">aut.</subfield>
  </datafield>
  <datafield tag="700" ind1="1" ind2=" ">
    <subfield code="a">Roth, Roberta M., </subfield>
    <subfield code="e">aut.</subfield>
  </datafield>
  <datafield tag="942" ind1=" " ind2=" ">
    <subfield code="c">LB</subfield>
    <subfield code="2">lcc</subfield>
  </datafield>
</record>
